AH International Schools' Libraries

Amazon.com Find in a library All sellers » Teamwork Makes the Dream Work (Record no. 48950)

MARC details
000 -LEADER
fixed length control field 00383nam a22001217a 4500
008 - FIXED-LENGTH DATA ELEMENTS--GENERAL INFORMATION
fixed length control field 250603b |||||||| |||| 00| 0 eng d
020 ## - INTERNATIONAL STANDARD BOOK NUMBER
International Standard Book Number 0849955084
100 ## - MAIN ENTRY--PERSONAL NAME
Personal name John C. Maxwell
9 (RLIN) 86336
245 ## - TITLE STATEMENT
Title Amazon.com Find in a library All sellers » Teamwork Makes the Dream Work
260 ## - PUBLICATION, DISTRIBUTION, ETC. (IMPRINT)
Place of publication, distribution, etc California
Name of publisher, distributor, etc Thomas Nelson
Date of publication, distribution, etc 2002
300 ## - PHYSICAL DESCRIPTION
Extent 125 p
Other physical details col. ill.
Dimensions 13.5cm x 18.5cm
942 ## - ADDED ENTRY ELEMENTS (KOHA)
Source of classification or shelving scheme
Holdings
Withdrawn status Lost status Source of classification or shelving scheme Damaged status Not for loan Collection code Home library Current library Date acquired Total Checkouts Full call number Barcode Checked out Date last seen Date checked out Price effective from Koha item type
          Non-Fiction Asian Hope Siem Reap Asian Hope Siem Reap 06/03/2025 1 NFIC JOH 208243 04/03/2026 04/03/2026 04/03/2026 06/03/2025 Book

For any Logos Library related questions please contact Miss Art at swongnarasuk@asianhope.org.

For any Asian Hope Library related questions please contact Miss Raza at graza@asianhope.org.

Click here to explore our ebooks!

Powered by Koha